00756nam a2200193Ia 4500082001200000100002100012245012600033260006300159300001000222500003200232504002600264650004800290650002600338650005100364650004300415650001800458650004500476650004100521 aRP.0255 aPandey, Rajkumar 0aEmpowerment of dalit women through government programme in Bihar (a case study of drought prone area of Nawadah district) c2003bIndian Council of Social Science Research, New Delhi a140p. aAcc No. 44646 (revised ed.) aincludes bibliography aWomenvEmploymentzNawadah District (Bihar) aEmancipation of women aWomen in developmentzNawadah District (Bihar) aUntouchableszNawadah District (Bihar) aDalitszBihar aWomen's rightszNawadah District (Bihar) aDrought Prone Areas Programme (DPAP)